Presidential Initials (Sudden Death) - Statistics

General Stats
  • This quiz has been taken 179 times
  • The average score is 22 of 39
Answers on the Grid
Answers color-coded by a green-red scale on the quiz's grid according to % correct below.
AJ
AL
AM
BC
BH
BJ
BO
CA
CC
DE
DH
DT
FP
FR
FT
GB
GC
GF
GM
GW
HH
HT
JA
JB
JC
JG
JK
JM
JP
JT
JW
LJ
MF
MV
RB
RH
RN
RR
TJ
TR
TS
UG
WB
WH
WM
WT
WW
ZT
 
Answer Stats
Answer % Correct
GW
83%
AJ
80%
AL
77%
LJ
75%
BO
73%
JK
72%
DT
71%
RR
70%
JA
69%
ZT
66%
DE
65%
FR
65%
JB
65%
UG
65%
WW
65%
CC
64%
TR
63%
GB
62%
HH
61%
TJ
61%
JM
60%
RN
60%
GF
57%
BC
56%
HT
54%
JC
53%
GC
50%
MV
50%
MF
49%
FP
48%
WH
48%
BH
40%
WT
40%
JP
37%
JT
36%
JG
35%
RH
35%
CA
32%
WM
32%
No matching quizzes found
Score Distribution
Percent of People with Each Score
Percentile by Number Answered
Your Score History
You have not taken this quiz